| 000 | 00416nam a22001457a 4500 | ||
|---|---|---|---|
| 005 | 20260116093526.0 | ||
| 008 | 260116b |||||||| |||| 00| 0 eng d | ||
| 020 | _a9788126531257 | ||
| 100 | _aLammle Todd | ||
| 245 |
_aCisco Certified Network Associate: Study Guide _c/Todd Lammle |
||
| 250 | _a7th ed | ||
| 260 |
_aNew Delhi; _bWiley Publishing, inc; _c2011 |
||
| 300 |
_axxxii; 822p.: _c23cm. _eCD |
||
| 942 |
_2lcc _cBK _n0 |
||
| 999 |
_c122 _d122 |
||